000 00286nam a22001217a 4500
008 230619b xxu||||| |||| 00| 0 eng d
082 _a198.36
_bNOR
100 _cOle Nargaard
245 _aKenya in the Social Sciences
260 _aKenya
_bKLB
_c1980
300 _a372p
942 _2ddc
_cBK
999 _c1195
_d1195